000 00470nam a2200181Ia 4500
001 14656
005 20260306164930.0
008 260306t2013||||xx |||||||||||||| ||spa||
041 _aESP
082 _a515.43
_bL81N
100 _aLoa, Gabriel
_eAUT
245 0 _aCálculo integral:
_bcon aplicaciones en la vida diaria, pasito a pasito...
260 _c2013
300 _apáginas : 394-475
_c25 cm.
650 _aGEN
654 _aCMA
942 _cLIB
_dJUS
_fJUS
_2ddc
_n
999 _c14656
_d14656